[Event "Tournament: Charlton International"]
[Site "?"]
[Date "1983.04.06"]
[Round "?"]
[White "Pliester, L."]
[Black "Stebbings, A."]
[Result "1-0"]
[WhiteElo "2368"]
[BlackElo "2176"]
[PlyCount "93"]
[EventDate "1983.??.??"]

1. e4 c5 2. Nf3 e6 3. d4 cxd4 4. Nxd4 Nc6 5. Nc3 a6 6. g3 Nge7 7. Nb3 b5 8. Bg2
Ng6 9. O-O d6 10. f4 Be7 11. Be3 Qc7 12. Qh5 O-O 13. Rad1 Rb8 14. Kh1 b4 15.
Ne2 Rb5 16. Qf3 Bb7 17. c4 bxc3 18. Nxc3 Rb4 19. Qh5 a5 20. f5 Nge5 21. fxe6
fxe6 22. Bh3 Bc8 23. Nd4 Rxf1+ 24. Rxf1 g6 25. Bxe6+ Bxe6 26. Nxe6 Qd7 27. Qh3
Nd8 28. Bg5 Qxe6 29. Qxe6+ Nxe6 30. Bxe7 Rxb2 31. h3 Nd4 32. Nd1 Rxa2 33. Bxd6
Ndf3 34. Nf2 h5 35. Kg2 Kf7 36. Rb1 Nd3 37. Kxf3 Nxf2 38. Rb7+ Ke6 39. Rb6 Nxh3
40. Bc5+ Kf7 41. Be3 g5 42. e5 g4+ 43. Ke4 Nf2+ 44. Kf5 Re2 45. e6+ Kg8 46.
Rb8+ Kh7 47. Bd4 1-0

[Event "Tournament: Charlton International"]
[Site "?"]
[Date "1983.04.07"]
[Round "?"]
[White "Stebbings, A."]
[Black "Walker, S."]
[Result "1-0"]
[WhiteElo "2176"]
[BlackElo "2000"]
[PlyCount "69"]
[EventDate "1983.??.??"]

1. e4 e6 2. d4 d5 3. Nd2 Nf6 4. e5 Nfd7 5. f4 c5 6. c3 b6 7. Bd3 Ba6 8. Bc2 Nc6
9. Ndf3 g6 10. Ne2 Be7 11. O-O h5 12. a3 Rc8 13. b3 Qc7 14. Ra2 Kf8 15. Rf2 Kg7
16. Ng3 Bb5 17. Nf1 cxd4 18. cxd4 a5 19. Ne3 Ba6 20. Bb2 b5 21. g3 Nb6 22. h3
a4 23. b4 Nc4 24. Nxc4 dxc4 25. d5 Rcd8 26. d6 Qa7 27. Qe2 Bf8 28. Ra1 Bb7 29.
Rd1 Qa8 30. Ng5 Qc8 31. Rh2 Nb8 32. Bd4 Bd5 33. Bc3 Nd7 34. Rxd5 exd5 35. e6+
1-0

[Event "Tournament: Charlton International"]
[Site "?"]
[Date "1983.04.08"]
[Round "?"]
[White "VanMil, J."]
[Black "Stebbings, A."]
[Result "1/2-1/2"]
[WhiteElo "2312"]
[BlackElo "2176"]
[PlyCount "85"]
[EventDate "1983.??.??"]

1. e4 c5 2. Nf3 e6 3. b3 Nf6 4. e5 Nd5 5. Bb2 Be7 6. g3 O-O 7. Bg2 Nc6 8. O-O
d6 9. exd6 Qxd6 10. Na3 Bf6 11. Nc4 Qc7 12. Bxf6 Nxf6 13. Re1 b6 14. Nfe5 Bb7
15. Nxc6 Bxc6 16. Ne5 Bxg2 17. Kxg2 Rad8 18. d3 Rd5 19. Qe2 Nd7 20. Nxd7 Qxd7
21. Qf3 Rd8 22. Re4 Rd4 23. a4 a6 24. Re5 Rd5 25. Rae1 Qd6 26. R5e4 Rd4 27. h4
Rxe4 28. Rxe4 Qd5 29. Rc4 a5 30. d4 f5 31. dxc5 bxc5 32. g4 Kf7 33. Kg3 Qxf3+
34. Kxf3 Rd5 35. gxf5 exf5 36. Rc3 Kf6 37. Re3 g5 38. hxg5+ Kxg5 39. c4 Rd2 40.
Re5 Rb2 41. Rxc5 Rxb3+ 42. Kg2 Rb4 43. Rxa5 1/2-1/2

[Event "Tournament: Charlton International"]
[Site "?"]
[Date "1983.04.11"]
[Round "?"]
[White "Stebbings, A."]
[Black "Arkell, K."]
[Result "1-0"]
[WhiteElo "2176"]
[BlackElo "2288"]
[PlyCount "65"]
[EventDate "1983.??.??"]

1. e4 c6 2. d4 d5 3. exd5 cxd5 4. c4 Nf6 5. Nc3 e6 6. Nf3 Be7 7. cxd5 Nxd5 8.
Bd3 Nc6 9. O-O O-O 10. Re1 Bf6 11. Be4 Nce7 12. Ne5 b6 13. Ng4 Nf5 14. Nxf6+
Qxf6 15. Nxd5 exd5 16. Bxd5 Rb8 17. Bf4 Bb7 18. Bxb8 Bxd5 19. Bg3 Qc6 20. f3 h5
21. Qc1 Qg6 22. Qf4 f6 23. a3 Rd8 24. Rac1 Bf7 25. Bf2 Bd5 26. b4 a6 27. Rc7 b5
28. h3 h4 29. Kh2 Qh7 30. Rec1 Bc4 31. Ra7 Re8 32. Re1 Rxe1 33. Qb8+ 1-0

[Event "Tournament: Charlton International"]
[Site "?"]
[Date "1983.04.12"]
[Round "?"]
[White "Stebbings, A."]
[Black "Prie, E."]
[Result "1/2-1/2"]
[WhiteElo "2176"]
[BlackElo "2360"]
[PlyCount "91"]
[EventDate "1983.??.??"]

1. e4 e6 2. d4 d5 3. Nd2 Nc6 4. Ngf3 Nf6 5. e5 Nd7 6. Nb3 a5 7. a4 b6 8. Bf4
Ba6 9. Bxa6 Rxa6 10. O-O Be7 11. Qe2 Ra7 12. g3 O-O 13. h4 Re8 14. Bg5 Qc8 15.
Bxe7 Nxe7 16. Rac1 Qb7 17. c4 dxc4 18. Rxc4 h6 19. Rfc1 Nd5 20. Nbd2 b5 21.
axb5 Qxb5 22. Ne4 Rb8 23. R4c2 Qb4 24. Ra1 Rab7 25. Kf1 a4 26. Kg1 Rb5 27. Rc4
Qe7 28. Rc2 Rb4 29. Kf1 R8b6 30. Kg1 Qe8 31. Kg2 Qb8 32. Ra2 Qa8 33. Kg1 Rb3
34. Ra1 R6b4 35. Ra2 Qb7 36. Kh2 N5b6 37. Ned2 Qd5 38. Ra3 Rxb2 39. Rxc7 Ra2
40. Rxa2 Qxa2 41. Ra7 Rb2 42. Qd3 Nf8 43. Qc3 Rc2 44. Qb4 Rb2 45. Qe7 Nbd7 46.
Rxd7 1/2-1/2

[Event "Tournament: Charlton International"]
[Site "?"]
[Date "1983.04.13"]
[Round "?"]
[White "Hartoch, R."]
[Black "Stebbings, A."]
[Result "1/2-1/2"]
[WhiteElo "2360"]
[BlackElo "2176"]
[PlyCount "59"]
[EventDate "1983.??.??"]

1. e4 c5 2. f4 e6 3. Nf3 Ne7 4. Nc3 Nbc6 5. d4 cxd4 6. Nxd4 a6 7. Nf3 d6 8. Bd3
Ng6 9. Be3 Be7 10. O-O b5 11. a4 b4 12. Ne2 O-O 13. Ng3 d5 14. e5 f6 15. Bxg6
hxg6 16. Qd3 f5 17. Ne2 a5 18. Rfd1 Ba6 19. Qd2 Bxe2 20. Qxe2 Qc8 21. Qf2 Qa6
22. Bc5 Bxc5 23. Qxc5 Rfc8 24. Qf2 Qa7 25. Rac1 Qxf2+ 26. Kxf2 Rab8 27. Ke3 Kf7
28. Rd3 Nd8 29. Nd4 Nb7 30. Nb3 1/2-1/2

[Event "Tournament: Charlton International"]
[Site "?"]
[Date "1983.04.14"]
[Round "?"]
[White "Richardson, J."]
[Black "Stebbings, A."]
[Result "1/2-1/2"]
[WhiteElo "2288"]
[BlackElo "2176"]
[PlyCount "43"]
[EventDate "1983.??.??"]

1. d4 Nf6 2. c4 g6 3. Nc3 d5 4. Nf3 Bg7 5. g3 dxc4 6. Bg2 O-O 7. Qa4 Nfd7 8.
Qxc4 Nb6 9. Qd3 Nc6 10. Bf4 Be6 11. Rd1 Nb4 12. Qb1 N4d5 13. Nxd5 Qxd5 14. b3
c6 15. O-O Bf5 16. Qb2 Be4 17. Qa3 e6 18. Qe7 Nd7 19. Qb4 Nb6 20. Qe7 Nd7 21.
Qb4 Nb6 22. Qe7 1/2-1/2

[Event "Tournament: Charlton International"]
[Site "?"]
[Date "1983.04.15"]
[Round "?"]
[White "Stebbings, A."]
[Black "Treppner, G."]
[Result "0-1"]
[WhiteElo "2176"]
[BlackElo "2344"]
[PlyCount "82"]
[EventDate "1983.??.??"]

1. e4 e5 2. Nf3 Nf6 3. d4 Nxe4 4. Bd3 d5 5. Nxe5 Bd6 6. O-O O-O 7. c4 Bxe5 8.
dxe5 Nc6 9. cxd5 Qxd5 10. Qc2 Nb4 11. Bxe4 Nxc2 12. Bxd5 Bf5 13. Na3 Nxa1 14.
g4 Bxg4 15. Be4 Be2 16. Re1 Rfd8 17. b4 Bd3 18. Bxb7 Rab8 19. Bc6 Rxb4 20. Be3
Nc2 21. Nxc2 Bxc2 22. Bxa7 Rg4+ 23. Kh1 Rd1 24. Rxd1 Bxd1 25. h3 Rc4 26. Bd5
Ra4 27. Bb8 Ra5 28. Bg2 c5 29. Bd5 Be2 30. Bc7 Ra6 31. Bd6 c4 32. Bb4 Rxa2 33.
f4 Bd3 34. Kg1 h5 35. h4 g6 36. e6 fxe6 37. Bxe6+ Kh7 38. Bc3 Rc2 39. Bd4 c3
40. Bb3 Rb2 41. Bd5 Rb1+ 0-1

[Event "London league"]
[Site "?"]
[Date "1983.04.19"]
[Round "?"]
[White "Stebbings, A."]
[Black "King, D."]
[Result "1/2-1/2"]
[WhiteElo "2176"]
[BlackElo "2384"]
[PlyCount "82"]
[EventDate "1983.??.??"]

1. d4 Nf6 2. c4 e6 3. Nc3 Bb4 4. e3 O-O 5. Nge2 d5 6. a3 Bd6 7. c5 Be7 8. b4 b6
9. Ng3 a5 10. Rb1 c6 11. Be2 Ba6 12. O-O Bxe2 13. Qxe2 Na6 14. Rd1 b5 15. a4
axb4 16. axb5 cxb5 17. Na2 Ne8 18. Nxb4 Nxb4 19. Rxb4 Nc7 20. Bd2 Ra2 21. Qd3
Qa8 22. Ne2 Rb8 23. Nc3 Ra1 24. Rdb1 Rxb1+ 25. Qxb1 Qc6 26. f3 e5 27. Be1 Bg5
28. Qd3 Qg6 29. Qxg6 Bxe3+ 30. Bf2 Bxf2+ 31. Kxf2 hxg6 32. dxe5 Kf8 33. Ke3 Ke7
34. Kd4 Kd7 35. Nxd5 Ne6+ 36. Kc3 Kc6 37. Nf4 Nxc5 38. Rd4 Re8 39. Rd6+ Kb7 40.
Kd4 Rc8 41. Nd5 Rc6 1/2-1/2

[Event "Essex league"]
[Site "?"]
[Date "1983.04.21"]
[Round "?"]
[White "Stebbings, A."]
[Black "Julian, R."]
[Result "1-0"]
[WhiteElo "2176"]
[BlackElo "1640"]
[PlyCount "57"]
[EventDate "1983.??.??"]

1. e4 e5 2. Nf3 Nc6 3. Bb5 a6 4. Ba4 Nf6 5. O-O b5 6. Bb3 Be7 7. d4 d6 8. c3
Bg4 9. Be3 O-O 10. Nbd2 Na5 11. Bc2 c5 12. h3 Bxf3 13. Qxf3 Qc7 14. Rac1 Nc6
15. dxe5 dxe5 16. Qe2 Rad8 17. a4 Qb7 18. Ra1 Ra8 19. f4 Nd7 20. f5 f6 21. Bb3+
c4 22. Ba2 Nc5 23. axb5 axb5 24. Nxc4 Kh8 25. Nd2 Rfd8 26. Bd5 Rxa1 27. Rxa1
Ra8 28. Rxa8+ Qxa8 29. Qxb5 1-0

[Event "National Club ch."]
[Site "?"]
[Date "1983.04.24"]
[Round "?"]
[White "Arkell, K."]
[Black "Stebbings, A."]
[Result "1-0"]
[WhiteElo "2288"]
[BlackElo "2176"]
[PlyCount "81"]
[EventDate "1983.??.??"]

1. d4 Nf6 2. c4 g6 3. g3 Bg7 4. Bg2 d5 5. cxd5 Nxd5 6. Nc3 Nb6 7. Nf3 Nc6 8. e3
O-O 9. O-O e5 10. d5 Ne7 11. e4 Bg4 12. h3 Bxf3 13. Bxf3 c6 14. dxc6 Nxc6 15.
Be3 Nd4 16. Be2 Qe7 17. a4 Rfd8 18. Qb1 a5 19. Qa2 Qb4 20. Bb5 Rac8 21. Rac1 h6
22. f4 Nxb5 23. axb5 Nc4 24. Nd5 Rxd5 25. exd5 Nxe3 26. Rxc8+ Kh7 27. Qb1 Qxb5
28. f5 Qxd5 29. fxg6+ fxg6 30. Rf2 e4 31. Qc1 Nf5 32. Qc4 Qd1+ 33. Kh2 h5 34.
Qxe4 Nd6 35. Qc2 Qd4 36. Rc7 h4 37. gxh4 Qe5+ 38. Kh1 Nf5 39. Qc3 Qe4+ 40. Kg1
Qxh4 41. Rxf5 1-0

[Event "Essex league"]
[Site "?"]
[Date "1983.05.05"]
[Round "?"]
[White "Smith, IB."]
[Black "Stebbings, A."]
[Result "1/2-1/2"]
[WhiteElo "2080"]
[BlackElo "2216"]
[PlyCount "57"]
[EventDate "1983.??.??"]

1. e4 c5 2. d4 cxd4 3. c3 Nf6 4. e5 Nd5 5. Qxd4 e6 6. Bc4 Nc6 7. Qe4 Nde7 8.
Bb3 Ng6 9. f4 b6 10. Nf3 Bb7 11. Qe2 Be7 12. O-O O-O 13. Rd1 Qc7 14. Na3 Bxa3
15. bxa3 f6 16. f5 Ngxe5 17. fxe6 dxe6 18. Nd4 Nxd4 19. cxd4 Ng6 20. Bxe6+ Kh8
21. d5 Rad8 22. Be3 Ne7 23. Qh5 Qd6 24. Rd4 Qe5 25. Qxe5 fxe5 26. Ra4 Nxd5 27.
Bxd5 Bxd5 28. Rxa7 b5 29. h3 1/2-1/2

[Event "Kent league"]
[Site "?"]
[Date "1983.05.07"]
[Round "?"]
[White "Stebbings, A."]
[Black "Stonehouse, T."]
[Result "0-1"]
[WhiteElo "2216"]
[BlackElo "2040"]
[PlyCount "70"]
[EventDate "1983.??.??"]

1. e4 d6 2. d4 g6 3. c3 Bg7 4. f4 Nf6 5. Bd3 O-O 6. Nf3 c5 7. dxc5 dxc5 8. e5
Nd5 9. Be4 Nc7 10. Qe2 Nc6 11. Be3 Nd5 12. Bd2 Bh6 13. g3 Bg4 14. h3 Bc8 15.
Qc4 Be6 16. Qxc5 Rc8 17. Qf2 f6 18. exf6 Nxf6 19. Bc2 b5 20. Na3 a6 21. Kf1 Bg7
22. Kg2 Qd7 23. Qe2 Bd5 24. Bb3 Bxb3 25. axb3 e5 26. fxe5 Nh5 27. Rad1 Qc7 28.
Rhe1 Rce8 29. g4 Nxe5 30. Nxe5 Rxe5 31. Qd3 Qc6+ 32. Kg1 Rf3 33. Qd8+ Bf8 34.
Rxe5 Rg3+ 35. Kf1 Qf3+ 0-1

[Event "Eastman cup"]
[Site "London"]
[Date "1983.05.16"]
[Round "?"]
[White "Carr, N."]
[Black "Stebbings, A."]
[Result "1/2-1/2"]
[WhiteElo "2272"]
[BlackElo "2216"]
[PlyCount "72"]
[EventDate "1983.??.??"]

1. e4 c5 2. c4 Nc6 3. d3 e6 4. Nc3 Nge7 5. Bg5 h6 6. Be3 Nd4 7. f4 d6 8. Nf3
Nec6 9. Be2 g6 10. O-O Bg7 11. Qd2 f5 12. Nb5 O-O 13. Nbxd4 cxd4 14. Bf2 e5 15.
fxe5 dxe5 16. Ne1 a5 17. Bf3 Be6 18. Nc2 Qd7 19. b3 Rfb8 20. b4 axb4 21. Nxb4
Nxb4 22. Qxb4 Bf8 23. Qd2 f4 24. g3 g5 25. gxf4 gxf4 26. Bh4 Be7 27. Bxe7 Qxe7
28. Rfb1 Ra6 29. Rb2 Rba8 30. Rab1 R8a7 31. Kh1 Kh8 32. Qg2 Qg7 33. Qxg7+ Kxg7
34. Rxb7+ Rxb7 35. Rxb7+ Kf6 36. Rb2 Ra3 1/2-1/2

[Event "Essex league"]
[Site "?"]
[Date "1983.05.19"]
[Round "?"]
[White "Howson, J."]
[Black "Stebbings, A."]
[Result "0-1"]
[WhiteElo "2080"]
[BlackElo "2216"]
[PlyCount "74"]
[EventDate "1983.??.??"]

1. e4 c5 2. Nf3 e6 3. Nc3 a6 4. b3 Nc6 5. Bb2 d6 6. d4 cxd4 7. Nxd4 Nf6 8. Be2
Bd7 9. O-O b5 10. Bf3 b4 11. Nce2 Ne5 12. a3 Nxf3+ 13. Nxf3 bxa3 14. Bxf6 Qxf6
15. Rxa3 Bc6 16. Ng3 Qc3 17. Qa1 Qxa1 18. Rfxa1 Bb7 19. Ra4 Be7 20. Rc4 Kd7 21.
Rd1 Rhc8 22. Ne5+ Ke8 23. Rxc8+ Rxc8 24. Nc4 Rd8 25. Kf1 d5 26. exd5 Rxd5 27.
Rxd5 Bxd5 28. Ne3 Bc6 29. Ke2 f5 30. f4 Bd6 31. Nh5 Kf7 32. Nc4 Bb5 33. Ke3
Bxc4 34. bxc4 a5 35. Ng3 g5 36. Nf1 Bxf4+ 37. Kd4 a4 0-1

[Event "Kent league"]
[Site "?"]
[Date "1983.05.22"]
[Round "?"]
[White "Edmonds, D."]
[Black "Stebbings, A."]
[Result "1-0"]
[WhiteElo "2048"]
[BlackElo "2216"]
[PlyCount "96"]
[EventDate "1983.??.??"]

1. e4 c5 2. Nc3 Nc6 3. g3 g6 4. Bg2 Bg7 5. d3 e6 6. f4 d6 7. Nf3 Nge7 8. O-O
Rb8 9. Be3 Nd4 10. Rb1 b5 11. Ne2 Nec6 12. c3 Nxe2+ 13. Qxe2 b4 14. e5 bxc3 15.
bxc3 Rxb1 16. Rxb1 O-O 17. Nd2 Bd7 18. exd6 Bxc3 19. Bxc5 Qa5 20. Nb3 Qa4 21.
Rc1 Bf6 22. Rc4 Qb5 23. Be4 Rc8 24. Be3 Rd8 25. Qc2 Nb4 26. Qd2 Nc6 27. g4 h6
28. Nc5 Be8 29. d7 Rxd7 30. Nxd7 Bxd7 31. Rc5 Qa6 32. f5 exf5 33. gxf5 g5 34.
h4 Kg7 35. Qg2 Ne5 36. hxg5 hxg5 37. Bxg5 Kf8 38. Bxf6 Qxf6 39. d4 Qh4 40. Rxe5
Qe1+ 41. Qf1 Qe3+ 42. Qf2 Qc1+ 43. Kg2 Qg5+ 44. Kf3 Qh5+ 45. Ke3 Qg5+ 46. Ke2
Qc1 47. Bd3 Ba4 48. Qe1 Qb2+ 1-0

[Event "Team match"]
[Site "Charlton"]
[Date "1983.06.18"]
[Round "?"]
[White "Lee, M."]
[Black "Stebbings, A."]
[Result "0-1"]
[WhiteElo "2040"]
[BlackElo "2216"]
[PlyCount "94"]
[EventDate "1983.??.??"]

1. e4 c5 2. c3 Nf6 3. e5 Nd5 4. d4 cxd4 5. cxd4 d6 6. Bc4 Nb6 7. Bb5+ Bd7 8.
Qe2 e6 9. Nf3 Be7 10. O-O O-O 11. Bd3 Bc6 12. Nc3 N8d7 13. Ne4 dxe5 14. dxe5
Nd5 15. a3 a5 16. Re1 Qc7 17. Neg5 h6 18. Nh3 Nc5 19. Bb1 Rfd8 20. Qc2 f5 21.
exf6 Nxf6 22. Bf4 Bd6 23. Ne5 Be4 24. Qc4 Bxe5 25. Bxe4 Nfxe4 26. Rxe4 Nxe4 27.
Qxe6+ Qf7 28. Qxe5 Re8 29. Qb5 Rac8 30. Re1 Nc3 31. Qf1 Rxe1 32. Qxe1 Qe8 33.
Qxe8+ Rxe8 34. Kf1 Na4 35. b4 axb4 36. axb4 Kf7 37. Be3 Re4 38. Bd2 Ke6 39. f3
Rd4 40. Ke2 Kd5 41. Nf4+ Kc4 42. Ne6 Rd7 43. f4 Nc3+ 44. Ke1 Nd5 45. g4 Nxb4
46. h4 Nc2+ 47. Ke2 Re7 0-1

[Event "Essex league"]
[Site "?"]
[Date "1983.07.07"]
[Round "?"]
[White "Lowe, S."]
[Black "Stebbings, A."]
[Result "0-1"]
[WhiteElo "2160"]
[BlackElo "2216"]
[PlyCount "73"]
[EventDate "1983.??.??"]

1. e4 c5 2. Nc3 Nc6 3. g3 g6 4. Bg2 Bg7 5. d3 d6 6. f4 e5 7. Nh3 Nge7 8. O-O
exf4 9. Nxf4 O-O 10. Nfd5 Nxd5 11. Nxd5 Be6 12. Nf4 Bd7 13. c3 b5 14. Be3 b4
15. Qd2 bxc3 16. bxc3 Ne5 17. Rab1 Ng4 18. d4 Nxe3 19. Qxe3 Rc8 20. dxc5 Rxc5
21. Rfd1 Bc6 22. Ne2 Qe7 23. Qd3 Be5 24. Nd4 Ba8 25. Rb3 Rfc8 26. Ra3 Qc7 27.
Ne2 Qb6 28. Kh1 a5 29. Rb3 Qc7 30. Rdb1 Kg7 31. Kg1 Bxc3 32. Nxc3 Rxc3 33. Qd4+
f6 34. Rxc3 Qxc3 35. Qa7+ Qc7 36. Qd4 Qc5 37. Qxc5 0-1

[Event "London league"]
[Site "?"]
[Date "1983.10.04"]
[Round "?"]
[White "Watson, I."]
[Black "Stebbings, A."]
[Result "1-0"]
[WhiteElo "2256"]
[BlackElo "2216"]
[PlyCount "63"]
[EventDate "1983.??.??"]

1. d4 Nf6 2. c4 g6 3. Nc3 d5 4. Nf3 Bg7 5. e3 O-O 6. Bd2 c5 7. dxc5 Na6 8. cxd5
Nxc5 9. Bc4 a6 10. b4 Nce4 11. Rc1 Bg4 12. h3 Bxf3 13. gxf3 Nxd2 14. Qxd2 Rc8
15. Bb3 Qd6 16. a3 Nd7 17. Ke2 f5 18. f4 h6 19. Na4 Kh7 20. Rxc8 Rxc8 21. Rc1
Rxc1 22. Qxc1 b6 23. Qc8 a5 24. Qc4 Kg8 25. Qc6 axb4 26. axb4 Kf7 27. Qxd6 exd6
28. Bc4 Ke7 29. Kd3 Kd8 30. Bb5 Nf6 31. Nxb6 Kc7 32. Na8+ 1-0

[Event "Kent league"]
[Site "?"]
[Date "1983.10.24"]
[Round "?"]
[White "Everson, R."]
[Black "Stebbings, A."]
[Result "0-1"]
[WhiteElo "1928"]
[BlackElo "2216"]
[PlyCount "40"]
[EventDate "1983.??.??"]

1. d4 Nf6 2. c4 g6 3. Nc3 d5 4. Nf3 Bg7 5. Bg5 Ne4 6. Nxd5 Nxg5 7. Nxg5 e6 8.
Nxf7 Kxf7 9. Nc3 Qxd4 10. Qb3 Nd7 11. Rd1 Qe5 12. e3 b6 13. Be2 Nc5 14. Qc2 Bb7
15. O-O Rhd8 16. Rd2 Qg5 17. g3 Rxd2 18. Qxd2 Rd8 19. Qc2 Qf5 20. e4 Bxe4 0-1

[Event "Essex league"]
[Site "?"]
[Date "1983.10.27"]
[Round "?"]
[White "Stebbings, A."]
[Black "Simpson, A."]
[Result "1-0"]
[WhiteElo "2216"]
[BlackElo "2128"]
[PlyCount "73"]
[EventDate "1983.??.??"]

1. d4 Nf6 2. c4 e5 3. dxe5 Ng4 4. Nf3 Bc5 5. e3 Nc6 6. Nc3 Ngxe5 7. Be2 d6 8.
O-O O-O 9. Na4 Bb6 10. Nxb6 axb6 11. Bd2 Nxf3+ 12. Bxf3 Ne5 13. Be2 Qh4 14. Qc2
Re8 15. Be1 Ng4 16. h3 Nh6 17. Bd3 g6 18. Bc3 Bxh3 19. gxh3 Qxh3 20. f3 Rxe3
21. Be4 Re8 22. Qg2 Qxg2+ 23. Kxg2 f5 24. Bxb7 Nf7 25. Bd5 Kf8 26. Rae1 Re2+
27. Rxe2 Rxe2+ 28. Rf2 Re3 29. Rd2 h5 30. Kf2 f4 31. Be4 Ng5 32. Bd5 Nf7 33.
Bd4 Re7 34. Bf6 Re3 35. Bd4 Re7 36. Bf6 Re3 37. Bxf7 1-0

[Event "County match"]
[Site "?"]
[Date "1983.10.29"]
[Round "?"]
[White "Stebbings, A."]
[Black "Hodgson, JH."]
[Result "1/2-1/2"]
[WhiteElo "2216"]
[BlackElo "2192"]
[PlyCount "47"]
[EventDate "1983.??.??"]

1. d4 Nf6 2. c4 g6 3. Nc3 d5 4. Nf3 Bg7 5. Qb3 dxc4 6. Qxc4 O-O 7. e4 Bg4 8.
Be3 Nfd7 9. Qb3 Nb6 10. Rd1 Bxf3 11. gxf3 e6 12. d5 exd5 13. Nxd5 Nxd5 14. Rxd5
Qc8 15. h4 c6 16. Rd2 Qc7 17. h5 Nd7 18. hxg6 hxg6 19. Rg1 Kh7 20. Rh1+ Kg8 21.
f4 Rfe8 22. f3 Rad8 23. Rg1 Nf8 24. Bh3 1/2-1/2

[Event "London league"]
[Site "?"]
[Date "1983.11.07"]
[Round "?"]
[White "Stebbings, A."]
[Black "MacDonald, D."]
[Result "1/2-1/2"]
[WhiteElo "2216"]
[BlackElo "2000"]
[PlyCount "72"]
[EventDate "1983.??.??"]

1. e4 e6 2. d4 d5 3. Nd2 c5 4. exd5 exd5 5. Ngf3 Nc6 6. Bb5 Bd6 7. dxc5 Bxc5 8.
O-O Nge7 9. Nb3 Bd6 10. Re1 O-O 11. Bg5 Qc7 12. Bxc6 bxc6 13. Nbd4 Nf5 14. Rc1
h6 15. Nxf5 Bxf5 16. Bh4 Bf4 17. Bg3 Bg4 18. Bxf4 Qxf4 19. Qd4 Qxd4 20. Nxd4 c5
21. f3 Bd7 22. Nb3 Rfc8 23. c4 dxc4 24. Rxc4 Be6 25. Rxc5 Bxb3 26. Rxc8+ Rxc8
27. axb3 Rc2 28. Re8+ Kh7 29. Re7 a5 30. Rxf7 Rxb2 31. Ra7 Rxb3 32. Rxa5 Rb2
33. h4 g6 34. Ra7+ Kg8 35. h5 g5 36. Kh2 Rb4 1/2-1/2

[Event "London league"]
[Site "?"]
[Date "1983.11.17"]
[Round "?"]
[White "Linton, W."]
[Black "Stebbings, A."]
[Result "1/2-1/2"]
[WhiteElo "2256"]
[BlackElo "2216"]
[PlyCount "74"]
[EventDate "1983.??.??"]

1. e4 c5 2. f4 e6 3. Nf3 Ne7 4. Nc3 Nbc6 5. d3 d5 6. g3 g6 7. Bg2 Bg7 8. O-O
O-O 9. g4 dxe4 10. Nxe4 b6 11. Ne5 Bb7 12. Bd2 Nxe5 13. fxe5 Bxe5 14. Bh6 Re8
15. Ng5 Bxg2 16. Kxg2 Qd5+ 17. Qf3 f6 18. Rae1 Rad8 19. Ne4 f5 20. Ng5 Qxf3+
21. Rxf3 Nc6 22. Rfe3 Bxb2 23. Rxe6 Rxe6 24. Rxe6 Ne5 25. Re7 Nxg4 26. Ne6 Rc8
27. Bg7 Bxg7 28. Rxg7+ Kh8 29. Rxa7 Ne3+ 30. Kg3 Nxc2 31. Ng5 Nb4 32. Nxh7 Nd5
33. Ng5 Rc6 34. Rd7 Nf6 35. Rb7 Nd5 36. Rd7 Nf6 37. Rb7 Nd5 1/2-1/2

[Event "County match"]
[Site "?"]
[Date "1983.11.19"]
[Round "?"]
[White "Davies, N."]
[Black "Stebbings, A."]
[Result "1-0"]
[WhiteElo "2376"]
[BlackElo "2216"]
[PlyCount "83"]
[EventDate "1983.??.??"]

1. g3 d5 2. Bg2 c6 3. Nf3 Bg4 4. h3 Bh5 5. d3 e6 6. g4 Bg6 7. Ne5 Nd7 8. Nxg6
hxg6 9. e3 Bd6 10. Nd2 Ne7 11. Nf3 Qb6 12. a3 a5 13. b3 a4 14. b4 c5 15. bxc5
Qxc5 16. O-O O-O 17. Bb2 Rfc8 18. c4 b5 19. Nd2 bxc4 20. dxc4 Be5 21. Bxe5 Nxe5
22. cxd5 Nxd5 23. Ne4 Qa5 24. Rc1 Rab8 25. Qd4 Nd7 26. Nd6 Rxc1 27. Rxc1 Qb6
28. Qxb6 Rxb6 29. Rc8+ Nf8 30. Nc4 Rb1+ 31. Kh2 Rc1 32. Bxd5 exd5 33. Nb6 Rxc8
34. Nxc8 Nd7 35. Ne7+ Kf8 36. Nxd5 f6 37. Kg3 Kf7 38. Kf4 Ke6 39. Ke4 Nc5+ 40.
Kd4 Nb3+ 41. Kc4 Nd2+ 42. Kd3 1-0

[Event "Tournament: Accountancy Age"]
[Site "London"]
[Date "1983.12.02"]
[Round "?"]
[White "Stebbings, A."]
[Black "Hunt, J."]
[Result "0-1"]
[WhiteElo "2216"]
[BlackElo "2032"]
[PlyCount "64"]
[EventDate "1983.??.??"]

1. d4 f5 2. g3 Nf6 3. Bg2 e6 4. Nf3 Be7 5. O-O O-O 6. c4 d5 7. Qc2 c6 8. Nbd2
a5 9. b3 Qe8 10. Ne5 b5 11. cxb5 cxb5 12. Ndf3 a4 13. Bf4 Ba6 14. Nd3 Nc6 15.
Nc5 Bxc5 16. Qxc5 Ne4 17. Qb6 b4 18. Rfe1 Rf7 19. Ne5 Nxe5 20. dxe5 Rb7 21. Qd4
Nc3 22. Bf1 Qb5 23. Bd2 Ne4 24. Rec1 Rab8 25. Rc2 Qb6 26. Qxb6 Rxb6 27. Be3
R6b7 28. Bd4 Nc3 29. Bxc3 Rc7 30. bxa4 bxc3 31. Rac1 d4 32. e3 d3 0-1

[Event "Tournament: Accountancy Age"]
[Site "London"]
[Date "1983.12.03"]
[Round "?"]
[White "Latif, Q."]
[Black "Stebbings, A."]
[Result "0-1"]
[WhiteElo "1552"]
[BlackElo "2216"]
[PlyCount "42"]
[EventDate "1983.??.??"]

1. d4 Nf6 2. c4 g6 3. Nc3 d5 4. f3 c6 5. Bf4 Bg7 6. Qd2 O-O 7. O-O-O dxc4 8. e4
b5 9. Bh6 Qa5 10. Bxg7 Kxg7 11. Kb1 Be6 12. a3 Na6 13. Nge2 Rfb8 14. h4 h5 15.
Qg5 Nc7 16. Qc5 Qb6 17. Qxe7 a5 18. Nf4 Rd8 19. Nxe6+ Nxe6 20. d5 Ng8 21. Qxd8
Nxd8 0-1

[Event "Tournament: Accountancy Age"]
[Site "London"]
[Date "1983.12.03"]
[Round "?"]
[White "Stebbings, A."]
[Black "Evans, R."]
[Result "1-0"]
[WhiteElo "2216"]
[BlackElo "1680"]
[PlyCount "55"]
[EventDate "1983.??.??"]

1. e4 c5 2. Nf3 Nc6 3. d4 cxd4 4. Nxd4 Nf6 5. Nc3 e5 6. Ndb5 d6 7. Bg5 a6 8.
Na3 Be6 9. Nc4 Rc8 10. Bxf6 gxf6 11. Be2 Nd4 12. Ne3 f5 13. exf5 Nxf5 14. Nxf5
Bxf5 15. Bg4 Qg5 16. Bxf5 Qxf5 17. O-O Qg6 18. Qf3 Rc6 19. Nd5 Rxc2 20. Qb3 Kd7
21. Qxb7+ Ke6 22. Qb3 Kd7 23. Rac1 Rc5 24. Rfd1 Rb5 25. Rc7+ Kd8 26. Qc4 Qe6
27. Qc6 Rb8 28. Nf6 1-0

[Event "Tournament: Accountancy Age"]
[Site "London"]
[Date "1983.12.04"]
[Round "?"]
[White "O'Hara, M."]
[Black "Stebbings, A."]
[Result "1/2-1/2"]
[WhiteElo "2216"]
[BlackElo "2216"]
[PlyCount "62"]
[EventDate "1983.??.??"]

1. e4 c5 2. c3 Nf6 3. e5 Nd5 4. d4 cxd4 5. cxd4 d6 6. Nf3 e6 7. Nc3 Nxc3 8.
bxc3 Qc7 9. Qb3 Nd7 10. exd6 Bxd6 11. Ba3 b6 12. Bb5 O-O 13. Bxd6 Qxd6 14. O-O
Bb7 15. Bxd7 Qxd7 16. Ne5 Qd5 17. Qxd5 Bxd5 18. c4 Bb7 19. c5 bxc5 20. dxc5 Bd5
21. Rfc1 Rfc8 22. Rc2 Rc7 23. f3 Rb8 24. Rac1 Rb5 25. Nd3 f6 26. Nf4 Kf7 27.
Nxd5 exd5 28. Kf2 Ke6 29. Ke3 Ra5 30. Kd4 Ra4+ 31. Kd3 Ra3+ 1/2-1/2

[Event "Tournament: Accountancy Age"]
[Site "London"]
[Date "1983.12.04"]
[Round "?"]
[White "Stebbings, A."]
[Black "Wood, S."]
[Result "1/2-1/2"]
[WhiteElo "2216"]
[BlackElo "1904"]
[PlyCount "51"]
[EventDate "1983.??.??"]

1. e4 c6 2. d4 d5 3. exd5 cxd5 4. c4 Nf6 5. Nc3 Nc6 6. Bg5 e6 7. c5 Be7 8. Bb5
O-O 9. Rc1 Qa5 10. Nf3 Ne4 11. Bxe7 Nxe7 12. Qb3 b6 13. cxb6 Qxb6 14. O-O Rb8
15. Ba4 Ba6 16. Rfe1 Qa5 17. Qa3 Nxc3 18. Rxc3 Rb4 19. Bd1 Qxa3 20. Rxa3 Rb6
21. Be2 Bxe2 22. Rxe2 Nc6 23. Rc3 Rfb8 24. b3 g6 25. Kf1 Kg7 26. Rd2 1/2-1/2